| 000 | 00842nam a2200217 i 4500 | ||
|---|---|---|---|
| 001 | 92634 | ||
| 003 | ES-MaACL | ||
| 005 | 20240312062537.0 | ||
| 007 | t| | ||
| 008 | 050411s1922 sp |||| |dspa d | ||
| 080 | _a821.134.2 Pérez Galdós, Benito 1.06 | ||
| 100 | 1 |
_aAlarcón Capilla, Antonio. _919137 |
|
| 245 | 1 | 0 |
_aGaldós y su obra _b: conferencia dada en el Ateneo de Madrid el día 13 de febrero de 1922 / _cAntonio Alarcón Capilla ; prólogo de Andrés González-Blanco. |
| 260 |
_aMadrid : _bLibrerías de Matheu, _c[1922] |
||
| 300 |
_a91 p. ; _c19 cm. |
||
| 600 | 1 | 4 |
_aPérez Galdós, Benito, _d1843-1920- _xCrítica e interpretación _990875 |
| 610 | 2 | 4 |
_aAteneo de Madrid- _vConferencias- _y1900-1939 _91907 |
| 700 | 1 |
_aGonzález-Blanco, Andrés, _d1886-1924 _958459 |
|
| 852 |
_aES-MaACL _jE-10939 |
||
| 999 |
_c92634 _d92634 |
||